Текст томруулах:    
Accounting information systems (Бичлэгийн дугаар. 146116)
000 -УДИРДЛАГА
Удирдлага 01864 a2200517 4500
003 - ХЯНАЛТЫН ТОО ТОДОРХОЙЛОГЧ
Код MN-UlNUM
005 - БИЧИЛТ ХИЙСЭН ОГНОО
Тухайн бичилтийг бичсэн засварласан сүүлийн огноо 20260107172139.0
008 - ЕРӨНХИЙ МЭДЭЭЛЭЛ
Ерөнхий мэдээлэл 110605s2008 maua b 001 0 eng
020 ## - ISBN
ISBN 0073195553
-- 9780073195551
040 ## - БИЧЛЭГ ҮҮСГЭГЧ БАЙГУУЛЛАГА
Бичлэг үүсгэгч номын сангийн код МУИС-ийн номын сан
084 ## - ББК АНГИЛАЛ
Нэмэлт тусгалт Нэг сэдэвт бүтээл
ББК ангилал 65.052
Зохиогчийн гурван тэмдэгт H 93
Мэдлэгийн ялгаа 65 - Эдийн засаг
100 1# - ЗОХИОГЧ
Зохиогчийн нэр Hurt, Robert L.
245 10 - ҮНДСЭН ГАРЧИГ
Номын нэр Accounting information systems
Бага гарчгийн мэдээ Basic concepts and current issues
Оролцогчдын тухай мэдээ Robert L. Hurt
260 ## - ГАРАЛТЫН МЭДЭЭ
Хэвлэгдсэн газар Boston
Хэвлэлийн газар McGraw-Hill Irwin
Хэвлэгдсэн он 2008
300 ## - МАТЕРИАЛЫН ТОДОРХОЙЛОЛТ
хуудасны тоо xx, 343 p.
Бусад тоон мэдээлэл ill.
Хэмжээ 27 cm
500 ## - Тайлбар
Дансны дугаар БС 6073
546 ## - ХЭЛНИЙ ТУХАЙ МЭДЭЭ
Хэл Англи хэл дээр,
653 ## - Түлхүүр үг
Түлхүүр үг economics
653 ## - Түлхүүр үг
Түлхүүр үг accounting
653 ## - Түлхүүр үг
Түлхүүр үг information systems
740 ## - НОМЫН ГАРЧИГ
Гарчиг Introduction and Basic Concepts
740 ## - НОМЫН ГАРЧИГ
Гарчиг Role and Purpose of Accounting Information Systems
740 ## - НОМЫН ГАРЧИГ
Гарчиг Transaction Processing In the Accounting Information System
740 ## - НОМЫН ГАРЧИГ
Гарчиг Professionalism and Ethics
740 ## - НОМЫН ГАРЧИГ
Гарчиг Internal Controls
740 ## - НОМЫН ГАРЧИГ
Гарчиг Information Technology and Systems Modeling Techniques
740 ## - НОМЫН ГАРЧИГ
Гарчиг Flowcharting
740 ## - НОМЫН ГАРЧИГ
Гарчиг Data Flow Diagramming
740 ## - НОМЫН ГАРЧИГ
Гарчиг Information Technology
740 ## - НОМЫН ГАРЧИГ
Гарчиг Business Processes
740 ## - НОМЫН ГАРЧИГ
Гарчиг Sales / Collection Process
740 ## - НОМЫН ГАРЧИГ
Гарчиг Acquisition / Payment Process
740 ## - НОМЫН ГАРЧИГ
Гарчиг Other Business Processes
740 ## - НОМЫН ГАРЧИГ
Гарчиг Other Topics in Accounting Information Systems
740 ## - НОМЫН ГАРЧИГ
Гарчиг Application Service Providers
740 ## - НОМЫН ГАРЧИГ
Гарчиг Professional Certifications
740 ## - НОМЫН ГАРЧИГ
Гарчиг Event-Driven Accounting Information Systems
740 ## - НОМЫН ГАРЧИГ
Гарчиг Computer Crime and Information Technology Security
740 ## - НОМЫН ГАРЧИГ
Гарчиг XBRL
740 ## - НОМЫН ГАРЧИГ
Гарчиг Decision Making Models and Knowledge Management
740 ## - НОМЫН ГАРЧИГ
Гарчиг E-Business and Enterprise Resource Planning Systems
740 ## - НОМЫН ГАРЧИГ
Гарчиг Auditing and Evaluating the Accounting Information Systems
942 ## - ЭЛЕМЕНТИЙН ТӨРӨЛ
Зүйлийн төрөл Ном